Squadre di calcio dallo stemma retro - Statistics

Statistiche generali
  • Questo quiz è stato fatto 17 volte
  • Il punteggio medio è 3 su 8
Statistiche sulle risposte
con Immagini Risposta % Corretto
Brentford
69%
Crystal Palace
63%
Genoa
63%
Lecce
50%
Salernitana
38%
Borussia Dortmund
19%
Paris Saint Germain
19%
Mantova
13%
Nessun quiz corrispondente trovato
Distribuzione punteggi
Percentuale di utenti per punteggio
Percentile per numero di risposta
I tuoi punteggi nel tempo
Non hai fatto questo quiz